Missing Word: Kevin Bacon Quiz Stats

 Plays Quiz Updated Mar 5, 2016

Challenge
Share
Tweet
Embed
Score 0/22 Timer 02:00
0 Plays Today
Movie Missing Word % Correct
He Said, She ____Said
93.9%
____ the 13thFriday
93%
A Few ____ MenGood
91.7%
She's Having a ____Baby
79%
____/NixonFrost
71.7%
____ 13Apollo
57.7%
Picture ____Perfect
54.6%
Hollow ____Man
53.8%
____ RiverMystic
48.1%
The ____ Up ThereAir
44.8%
My Dog ____Skip
44.2%
Movie Missing Word % Correct
The River ____Wild
38.5%
____ in the FirstMurder
34.5%
____ SentenceDeath
30.9%
Wild ____Things
30.6%
Where the ____ LiesTruth
29%
Stir of ____Echoes
27%
____ HouseAnimal
24.4%
____ ShopBeauty
8.1%
Taking ____Chance
6.9%
The Big ____Picture
5.2%
White Water ____Summer
4.5%

Today's Daily Dose

Missing Word
Hayao Miyazaki

Word Ladder
Florida

On This Day
December 13th II

You're not logged in!

Compare scores with friends on all Sporcle quizzes.
OR
Log In

You Might Also Like...

Show Comments

Extras

Top Quizzes Today


Score Distribution

Your Account Isn't Verified!

In order to create a playlist on Sporcle, you need to verify the email address you used during registration. Go to your Sporcle Settings to finish the process.

Report this User

Report this user for behavior that violates our Community Guidelines.

Details: